| 000 | 00815nam a22002417a 4500 | ||
|---|---|---|---|
| 005 | 20210325193928.0 | ||
| 008 | s2003 eng d | ||
| 020 | _a0199261231 | ||
| 041 | _aeng | ||
| 050 |
_aJZ1480 _bU83 |
||
| 100 | 0 | _aMastanduno, Michael | |
| 245 | 1 | 0 | _aUS hegemony and international organizations : the United States and multilateral institutions |
| 260 | 3 |
_aNew York : _bOxford University Press, _c2003 |
|
| 300 |
_a296 p. ; _b24 cm. |
||
| 650 | 0 | 4 | _aInternational organizations |
| 650 | 0 | 4 | _aInternational agencies |
| 650 | 0 | 4 | _aUnited States -- Foreign relations -- 1989-- |
| 650 | 0 | 4 | _aUnited States -- Foreign relations -- 1989--International agenciesInternational organizations |
| 700 | 0 | _aMastanduno, Michael | |
| 850 | _aNALT | ||
| 942 | _cGB | ||
| 997 | _c000000000042366 | ||
| 999 |
_c42366 _d42366 |
||